Fourth United Nations Congress on the Prevention of Crime and the Treatment of Offenders : (Record no. 70697)
[ view plain ]
| 000 -LEADER | |
|---|---|
| fixed length control field | 01097nam a2200265 a 4500 |
| 001 - CONTROL NUMBER | |
| control field | 70697 |
| 003 - CONTROL NUMBER IDENTIFIER | |
| rucl marc code | BD-RjUL |
| 005 - DATE AND TIME OF LATEST TRANSACTION | |
| control field | 20211209082030.0 |
| 008 - FIXED-LENGTH DATA ELEMENTS--GENERAL INFORMATION | |
| fixed length control field | 170419s1971 nyu i100 0 eng d |
| 035 ## - SYSTEM CONTROL NUMBER | |
| System control number | (BD-RjUL)70911 |
| 040 ## - CATALOGING SOURCE | |
| Original cataloging agency | BD-RjUL |
| Language of cataloging | eng |
| Transcribing agency | BD-RjUL |
| Modifying agency | BD-RjUL |
| 041 ## - LANGUAGE CODE | |
| Language code of text/sound track or separate title | eng |
| 082 ## - DEWEY DECIMAL CLASSIFICATION NUMBER | |
| Edition number | 23 |
| Classification number | 364.4 |
| Author mark and year | FOU 1971 |
| 245 10 - TITLE STATEMENT | |
| Title | Fourth United Nations Congress on the Prevention of Crime and the Treatment of Offenders : |
| Remainder of title | Kyoto, Japan, 17-26 August 1970: Report / |
| Statement of responsibility, etc. | prepared by the Secretariat. |
| 260 ## - PUBLICATION, DISTRIBUTION, ETC. (IMPRINT) | |
| Place of publication, distribution, etc. | New York : |
| Name of publisher, distributor, etc. | United Nations, |
| Date of publication, distribution, etc. | 1971. |
| 300 ## - PHYSICAL DESCRIPTION | |
| Pagination | vi, 66 p. ; |
| Size | 28 cm |
| 500 ## - GENERAL NOTE | |
| General note | "United Nations publication. Sales number: E.71.IV.8." |
| General note | At head of title: Department of Economic and Social Affairs |
| 650 #0 - SUBJECT ADDED ENTRY--TOPICAL TERM | |
| Topical term or geographic name as entry element | Crime prevention. |
| 9 (RLIN) | 209255 |
| Topical term or geographic name as entry element | Corrections |
| Form subdivision | Congresses |
| 9 (RLIN) | 209256 |
| Topical term or geographic name as entry element | Criminology |
| Form subdivision | Congresses |
| 9 (RLIN) | 209257 |
| 710 2# - ADDED ENTRY--CORPORATE NAME | |
| Corporate name or jurisdiction name as entry element | United Nations. |
| Subordinate unit | Department of Economic and Social Affairs. |
| 9 (RLIN) | 209258 |
| 711 ## - ADDED ENTRY--MEETING NAME | |
| Meeting name or jurisdiction name as entry element | United Nations Congress on the Prevention of Crime and the Treatment of Offenders |
| Location of meeting | Kyoto, Japan) |
| Date of meeting | 1970 : |
| 9 (RLIN) | 210688 |
| 942 ## - ADDED ENTRY ELEMENTS (KOHA) | |
| Source of classification or shelving scheme | Dewey Decimal Classification |
| Koha item type | Books |
| Lost status | Source of classification or shelving scheme | Damaged status | Not for loan | Collection code | Permanent Location | Current Location | Shelving location | Date acquired | Source of acquisition | Cost, normal purchase price | Total Checkouts | Full call number | Date last seen | Copy number | Koha item type |
|---|---|---|---|---|---|---|---|---|---|---|---|---|---|---|---|
| Dewey Decimal Classification | Not For Loan | Non-fiction | Central Library, University of Rajshahi | Central Library, University of Rajshahi | Reading Room | 24/09/1974 | Gono Prokashoni. | 24.00 | 364.4 FOU 1971 | 19/04/2017 | C-1 | Books |